| Tag |
First Indicator |
Second Indicator |
Subfields |
| LEADER |
00000cam a2200000 a 4500 |
| 001 |
in00000012976 |
| 005 |
20151007052310.0 |
| 008 |
870515s1987 paua 00110 eng |
| 010 |
|
|
|a 87014716
|
| 020 |
|
|
|a 0830603786 :
|c $21.95
|
| 020 |
|
|
|a 0830628789 (pbk.) :
|c $14.60
|
| 035 |
|
|
|a (OCoLC)15793923
|
| 035 |
|
|
|9 AAA7177AM
|
| 040 |
|
|
|a DLC
|c DLC
|d TXA
|d UtOrBLW
|
| 049 |
|
|
|a TXAM
|c [A11062177]
|
| 050 |
0 |
0 |
|a TH5201
|b .R3 1987
|
| 082 |
0 |
|
|a 690/.11
|2 19
|
| 100 |
1 |
|
|a Ramsey, Dan,
|d 1945-
|
| 245 |
1 |
4 |
|a The complete foundation and floor framing book /
|c Dan Ramsey.
|
| 250 |
|
|
|a 1st ed.
|
| 264 |
|
1 |
|a Blue Ridge Summit, PA :
|b Tab Books,
|c [1987]
|
| 264 |
|
4 |
|c ©1987
|
| 300 |
|
|
|a viii, 207 pages :
|b illustrations ;
|c 25 cm.
|
| 336 |
|
|
|a text
|b txt
|2 rdacontent
|
| 337 |
|
|
|a unmediated
|b n
|2 rdamedia
|
| 338 |
|
|
|a volume
|b nc
|2 rdacarrier
|
| 500 |
|
|
|a Includes index.
|
| 650 |
|
0 |
|a Foundations.
|
| 650 |
|
0 |
|a Floors.
|
| 650 |
|
0 |
|a Framing (Building)
|
| 999 |
|
|
|a MARS
|
| 999 |
f |
f |
|s 27a8cca6-ad6c-37b6-b3e2-e7c50377c1d1
|i 652da54e-0bfe-376c-bab8-ef02e3ef6481
|t 0
|
| 952 |
f |
f |
|p ric
|a Texas A&M University
|b Rellis Campus
|c Joint Library Facility
|d Remote Storage
|t 0
|e TH5201 .R3 1987
|h Library of Congress classification
|i unmediated -- volume
|m A14811062177
|
| 998 |
f |
f |
|a TH5201 .R3 1987
|t 0
|l Remote Storage
|